logo

Bir Sreshtho Munshi Abdur Rouf Library
Jhenaidah Cadet College

ছোটদের এনসাইক্লোপিডিয়া / (Record no. 11129)

MARC details
000 -LEADER
fixed length control field 00812nam a2200229 a 4500
001 - CONTROL NUMBER
JCCL Control Number 11129
003 - CONTROL NUMBER IDENTIFIER
JCCL marc code BD-JhCC
005 - DATE AND TIME OF LATEST TRANSACTION
control field 20200206134008.0
008 - FIXED-LENGTH DATA ELEMENTS--GENERAL INFORMATION
fixed length control field 190631s19942012bg |||| |||| 000 0 ben d
020 ## - INTERNATIONAL STANDARD BOOK NUMBER
International Standard Book Number 97898490077088
035 ## - SYSTEM CONTROL NUMBER
system control number (BD-JhCC)11129
040 ## - CATALOGING SOURCE
Original cataloging agency BD-JhCC
Modifying agency BD-JhCC
041 ## - LANGUAGE CODE
Language code of Book ben
082 ## - DEWEY DECIMAL CLASSIFICATION NUMBER
Classification number 032
Author mark and Year CHH 2012
245 ## - TITLE STATEMENT
Title ছোটদের এনসাইক্লোপিডিয়া /
Statement of responsibility, etc সম্পাদনায় আমীরুল ইসলাম
260 ## - PUBLICATION, DISTRIBUTION, ETC. (IMPRINT)
Place of publication, distribution, etc ঢাকা :
Name of publisher, distributor, etc অনন্যা,
Date of publication, distribution, etc ২০১২.
300 ## - PHYSICAL DESCRIPTION
Pagination ১৮৩ পৃ. :
Other physical details চিত্রাবলী সংযোজিত;
Dimensions ২১ সেমি.
650 ## - SUBJECT ADDED ENTRY--TOPICAL TERM
Topical term or geographic name as entry element Encyclopedia
Form subdivision Juvenile
650 ## - SUBJECT ADDED ENTRY--TOPICAL TERM
Topical term or geographic name as entry element Children's encyclopedias
700 ## - ADDED ENTRY--PERSONAL NAME
Personal name ইসলাম, আমীরুল
942 ## - ADDED ENTRY ELEMENTS (KOHA)
Source of classification or shelving scheme Dewey Decimal Classification
Koha item type Books
Koha issues (borrowed), all copies 2
Holdings
Source of classification or shelving scheme Damaged status Not for loan Home library Current library Shelving location Cost, normal purchase price Total Checkouts Full call number Barcode Date last seen Date checked out Copy number Koha item type
Dewey Decimal Classification     JCC Rouf Library JCC Rouf Library General Stacks 140.00 1 032 CHH 2012 14821 02/12/2020 02/05/2020 C-1 Books

JCC Library | Contacts | JCC Home

Last Update on 23 September 2017
Copyright @ 2017-2020 JCC Rouf Library
Rouf Library, Jhenidah Cadet College (JCC), Bangladesh